Detalles MARC
| 000 -CABECERA |
| campo de control de longitud fija |
01239nam a2200241 a 4500 |
| 001 - NÚMERO DE CONTROL |
| campo de control |
000016063 |
| 005 - FECHA Y HORA DE LA ÚLTIMA TRANSACCIÓN |
| campo de control |
20200929164246.0 |
| 008 - DATOS DE LONGITUD FIJA--INFORMACIÓN GENERAL |
| campo de control de longitud fija |
100224s1988 dr acd r 001 0 spa d |
| 040 ## - FUENTE DE LA CATALOGACIÓN |
| Centro catalogador/agencia de origen |
DO-SdBNP |
| Lengua de catalogación |
spa |
| Centro/agencia transcriptor |
BNPHU |
| 082 ## - NÚMERO DE LA CLASIFICACIÓN DECIMAL DEWEY |
| Número de clasificación |
363.3495 |
| Número de documento/Ítem |
G367t |
| 100 1# - ENTRADA PRINCIPAL--NOMBRE DE PERSONA |
| Nombre de persona |
Gere, James M. |
| 9 (RLIN) |
36029 |
| 245 10 - MENCIÓN DE TÍTULO |
| Título |
Terra non firma : |
| Resto del título |
entendiendo y preparándose para los terremotos / |
| Mención de responsabilidad, etc. |
James M. Gere, Haresh C. Shah; traducción Orlando Franco Batlle. |
| 260 ## - PUBLICACIÓN, DISTRIBUCIÓN, ETC. |
| Lugar de publicación, distribución, etc. |
Santo Domingo : |
| Nombre del editor, distribuidor, etc. |
FUNDOSÍSMICA, |
| Fecha de publicación, distribución, etc. |
1988. |
| 300 ## - DESCRIPCIÓN FÍSICA |
| Extensión |
196 p. : |
| Otras características físicas |
il., gráfcs., retrs. ; |
| Dimensiones |
23 cm. |
| 505 0# - NOTA DE CONTENIDO CON FORMATO |
| Información miscelánea |
Prefacio -- |
| Título |
Una experiencia chocante -- |
| -- |
¿Por qué tenemos terremotos? -- |
| -- |
Deslizamientos, licuefacción y otros peligros de terremotos -- |
| -- |
Tsunamis -- |
| -- |
Cómo son medidos los terremotos y sus efectos -- |
| -- |
Predicción de terremotos -- |
| -- |
Diseño de ingeniería -- |
| -- |
Comunidad y planeamiento individual -- |
| -- |
Preparándonos para el próximo terremoto -- |
| -- |
Datos de terremotos. |
| 590 ## - NOTA LOCAL (RLIN) |
| Nota local |
Inventariado, 2018/BT |
| 650 #4 - PUNTO DE ACCESO ADICIONAL DE MATERIA--TÉRMINO DE MATERIA |
| Término de materia o nombre geográfico como elemento de entrada |
Terremotos |
| 9 (RLIN) |
26259 |
| 650 #4 - PUNTO DE ACCESO ADICIONAL DE MATERIA--TÉRMINO DE MATERIA |
| Término de materia o nombre geográfico como elemento de entrada |
Prevención y protección frente a los sismos |
| 9 (RLIN) |
20992 |
| 650 #4 - PUNTO DE ACCESO ADICIONAL DE MATERIA--TÉRMINO DE MATERIA |
| Término de materia o nombre geográfico como elemento de entrada |
Predicción sísmica |
| 9 (RLIN) |
20991 |
| 650 #4 - PUNTO DE ACCESO ADICIONAL DE MATERIA--TÉRMINO DE MATERIA |
| Término de materia o nombre geográfico como elemento de entrada |
Sismometría |
| 9 (RLIN) |
36030 |
| 700 1# - PUNTO DE ACCESO ADICIONAL--NOMBRE DE PERSONA |
| Nombre de persona |
Franco Batlle, Orlando |
| Término indicativo de función/relación |
tr. |
| 9 (RLIN) |
36031 |
| 910 ## - DATOS DE OPCIÓN DEL USUARIO (OCLC) |
| Datos de opción del usuario |
Validado. Control de calidad. EMS |